[Event "Regionalliga SW 0001"]
[Site "Bayern"]
[Date "2000.10.15"]
[Round "1.3"]
[White "Baeurle, Stefan"]
[Black "Kraetschmer, Kai"]
[Result "1-0"]
[WhiteElo "1990"]
[BlackElo "2095"]
[PlyCount "108"]
[EventDate "2000.10.15"]
[EventType "team-tourn"]
[EventRounds "9"]
[EventCountry "GER"]
[SourceTitle "EXT 2020"]
[Source "ChessBase"]
[SourceDate "2019.10.17"]
[SourceVersion "1"]
[SourceVersionDate "2019.10.17"]
[SourceQuality "1"]
[WhiteTeam "Augsburg SG 1873"]
[BlackTeam "Burlafingen"]
[WhiteTeamCountry "GER"]
[BlackTeamCountry "GER"]

1. Nf3 d5 2. g3 Nf6 3. Bg2 c6 4. c4 Bf5 5. 0-0 e6 6. b3 Bd6 7. Bb2 Nbd7 8. d4 0-0 9. Nc3 h6 10. Re1 Ne4 11. Nd2 Nxc3 12. Bxc3 Nf6 13. e4 dxe4 14. Nxe4 Nxe4 15. Bxe4 Bxe4 16. Rxe4 Be7 17. Qf3 Bf6 18. Rae1 Rc8 19. Rg4 Rc7 20. Bb4 Re8 21. d5 h5 22. Rf4 cxd5 23. cxd5 exd5 24. Rxe8+ Qxe8 25. Qxd5 Rc1+ 26. Kg2 Qe2 27. Re4 Qf1+ 28. Kf3 Qd1+ 29. Qxd1 Rxd1 30. Bc5 a6 31. h3 g5 32. g4 hxg4+ 33. Kxg4 Rg1+ 34. Kf5 Kg7 35. Re8 Bc3 36. Be7 f6 37. Bc5 Rd1 38. Re7+ Kg8 39. Kg6 Re1 40. Rg7+ Kh8 41. Rh7+ Kg8 42. Rxb7 Re8 43. Rg7+ Kh8 44. Rf7 Kg8 45. Rd7 a5 46. Bb6 f5 47. Rd8 Rxd8 48. Bxd8 g4 49. hxg4 fxg4 50. Kf5 Be1 51. Bb6 Kf7 52. Kxg4 Ke6 53. f4 Kd5 54. Kf5 Kc6 1-0

[Event "Regionalliga SW 9899"]
[Site "Bayern"]
[Date "1999.??.??"]
[Round "4.5"]
[White "Baeurle, Stefan"]
[Black "Froehlich, Rainer"]
[Result "1/2-1/2"]
[WhiteElo "1970"]
[BlackElo "1855"]
[PlyCount "80"]
[EventDate "1998.??.??"]
[EventType "team-tourn"]
[EventRounds "9"]
[EventCountry "GER"]
[SourceTitle "EXT 2020"]
[Source "ChessBase"]
[SourceDate "2019.10.17"]
[SourceVersion "1"]
[SourceVersionDate "2019.10.17"]
[SourceQuality "1"]
[WhiteTeam "Augsburg SG 1873"]
[BlackTeam "Sonthofen"]
[WhiteTeamCountry "GER"]
[BlackTeamCountry "GER"]

1. Nf3 Nf6 2. c4 c5 3. g3 Nc6 4. Bg2 g6 5. 0-0 Bg7 6. Nc3 0-0 7. d4 cxd4 8. Nxd4 Qb6 9. Nc2 d6 10. h3 a6 11. Rb1 h6 12. e4 Ne5 13. b3 Ned7 14. Be3 Qc7 15. Qd2 Kh7 16. Rfc1 Qa5 17. Nd4 Ne8 18. b4 Qd8 19. Nd5 e6 20. Nc3 Rb8 21. Nce2 e5 22. Nb3 Qe7 23. g4 Rg8 24. Ng3 Nf8 25. Rd1 Ne6 26. Rbc1 Qf6 27. Ne2 g5 28. Ng3 Nf4 29. Nf5 Bxf5 30. exf5 Nxg2 31. Kxg2 Rd8 32. Qd5 Qe7 33. Na5 Bf8 34. a3 Rd7 35. Rc2 Nf6 36. Qd2 d5 37. Bc5 Qd8 38. Bxf8 Rxf8 39. Qe2 Re8 40. f3 d4 1/2-1/2

[Event "Regionalliga SW 9798"]
[Site "Bayern"]
[Date "1998.??.??"]
[Round "?.2"]
[White "Baeurle, Stefan"]
[Black "Lutz, Gerhard"]
[Result "1/2-1/2"]
[WhiteElo "1975"]
[BlackElo "1773"]
[PlyCount "97"]
[EventDate "1997.10.??"]
[EventType "team-tourn"]
[EventRounds "9"]
[EventCountry "GER"]
[SourceTitle "EXT 2020"]
[Source "ChessBase"]
[SourceDate "2019.10.17"]
[SourceVersion "1"]
[SourceVersionDate "2019.10.17"]
[SourceQuality "1"]
[WhiteTeam "Augsburg SG 1873"]
[BlackTeam "Garching"]
[WhiteTeamCountry "GER"]
[BlackTeamCountry "GER"]

1. Nf3 g6 2. c4 Bg7 3. Nc3 d6 4. d4 Bg4 5. e3 Nc6 6. Be2 e5 7. d5 Nce7 8. h3 Bd7 9. g4 f5 10. gxf5 Nxf5 11. e4 Nh4 12. Nxh4 Qxh4 13. Bg4 Nf6 14. Bxd7+ Nxd7 15. Qg4 Qe7 16. Nb5 Nf8 17. Bg5 Qf7 18. h4 a6 19. Nc3 Nd7 20. 0-0-0 Nf6 21. Bxf6 Qxf6 22. h5 Qf4+ 23. Qxf4 exf4 24. Rdg1 Kf7 25. Ne2 Bh6 26. f3 c5 27. dxc6 bxc6 28. Rg4 g5 29. Nd4 Bg7 30. Nf5 Bf6 31. Nxd6+ Ke6 32. Nf5 Rhd8 33. Kc2 Rab8 34. Rb1 Rb7 35. Rgg1 Rbd7 36. Rg2 Rd3 37. Rf2 c5 38. Re1 a5 39. Ree2 a4 40. Rd2 Rxd2+ 41. Rxd2 Rxd2+ 42. Kxd2 Bxb2 43. Kd3 Be5 44. Nh6 Bd4 45. Ng4 Bg1 46. Kc2 Bd4 47. Kd3 Bg1 48. Kc2 Bd4 49. Kd3 1/2-1/2

[Event "Regionalliga SW 9798"]
[Site "Bayern"]
[Date "1998.??.??"]
[Round "?.3"]
[White "Baeurle, Stefan"]
[Black "Schuette, Manfred"]
[Result "0-1"]
[WhiteElo "1975"]
[BlackElo "2215"]
[PlyCount "100"]
[EventDate "1997.10.??"]
[EventType "team-tourn"]
[EventRounds "9"]
[EventCountry "GER"]
[SourceTitle "EXT 2020"]
[Source "ChessBase"]
[SourceDate "2019.10.17"]
[SourceVersion "1"]
[SourceVersionDate "2019.10.17"]
[SourceQuality "1"]
[WhiteTeam "Augsburg SG 1873"]
[BlackTeam "Muenchen FC Bayern II"]
[WhiteTeamCountry "GER"]
[BlackTeamCountry "GER"]

1. Nf3 Nf6 2. c4 g6 3. Nc3 Bg7 4. e4 d6 5. d4 0-0 6. h3 e5 7. d5 a5 8. Be3 Na6 9. Nd2 Ne8 10. g4 f5 11. gxf5 gxf5 12. exf5 Bxf5 13. Nde4 Nf6 14. Bd3 Nb4 15. Bb1 Kh8 16. a3 Na6 17. Nxf6 Qxf6 18. Bxf5 Qxf5 19. Qg4 b6 20. Rg1 Qxg4 21. Rxg4 Nc5 22. Ke2 Bf6 23. Nb5 Rf7 24. Rag1 Re8 25. b4 axb4 26. axb4 Nb3 27. Kd3 Nd4 28. Bxd4 exd4 29. Rf4 Ref8 30. Rg2 Be5 31. Rxf7 Rxf7 32. Nxd4 Bxd4 33. Kxd4 Rf4+ 34. Kd3 Rf3+ 35. Ke4 Rxh3 36. f4 Rh1 37. b5 h5 38. Kf5 h4 39. Kg4 Kg7 40. Re2 Kf7 41. Re4 h3 42. Kg3 Kf8 43. f5 Kf7 44. Re6 Rc1 45. Re4 Rc3+ 46. Kh2 Kf6 47. Rf4 Re3 48. Kh1 Re7 49. Kh2 Rh7 50. Kh1 h2 0-1

[Event "Regionalliga SW 9798"]
[Site "Bayern"]
[Date "1997.??.??"]
[Round "?.3"]
[White "Baeurle, Stefan"]
[Black "Kugelmann, Werner"]
[Result "0-1"]
[WhiteElo "1975"]
[BlackElo "2100"]
[PlyCount "108"]
[EventDate "1997.10.??"]
[EventType "team-tourn"]
[EventRounds "9"]
[EventCountry "GER"]
[SourceTitle "EXT 2020"]
[Source "ChessBase"]
[SourceDate "2019.10.17"]
[SourceVersion "1"]
[SourceVersionDate "2019.10.17"]
[SourceQuality "1"]
[WhiteTeam "Augsburg SG 1873"]
[BlackTeam "Lauingen"]
[WhiteTeamCountry "GER"]
[BlackTeamCountry "GER"]

1. Nf3 g6 2. e4 Bg7 3. d4 d6 4. c4 Nf6 5. Nc3 0-0 6. h3 e5 7. d5 Na6 8. Be3 Nh5 9. Nh2 Qe8 10. Be2 Nf4 11. Bf3 f5 12. 0-0 Bd7 13. a3 Nc5 14. b4 fxe4 15. Nxe4 Ba4 16. Qb1 Nb3 17. Ra2 Nd4 18. Bd1 Bd7 19. Re1 Qd8 20. Rd2 Kh8 21. Bg4 Bf5 22. Bxf4 exf4 23. Qd1 Bxe4 24. Rxe4 Nf5 25. Rde2 a5 26. b5 Nh4 27. Re1 Be5 28. Nf3 Nxf3+ 29. Qxf3 b6 30. a4 Qf6 31. Qd3 Rae8 32. f3 h5 33. Be6 Bc3 34. R1e2 Bb4 35. Ra2 Bc5+ 36. Kf1 Qg5 37. Qc3+ Kh7 38. Rae2 Be3 39. Qe1 Qf6 40. g4 hxg4 41. hxg4 Kg7 42. Rh2 Rh8 43. g5 Qxg5 44. Qc3+ Qf6 45. Qxf6+ Kxf6 46. Rxh8 Rxh8 47. Kg2 Rh5 48. Bg4 Re5 49. Kh3 Rxe4 50. fxe4 Ke5 51. Bf3 Kd4 52. Kg4 Kxc4 53. Kg5 Kb4 54. Bd1 f3+ 0-1

[Event "Regionalliga SW 9596"]
[Site "Bayern"]
[Date "1996.??.??"]
[Round "?"]
[White "Baeurle, Stefan"]
[Black "Loos, Stephan"]
[Result "1/2-1/2"]
[WhiteElo "1995"]
[BlackElo "2040"]
[PlyCount "108"]
[EventDate "1995.10.??"]
[EventType "team-tourn"]
[EventRounds "9"]
[EventCountry "GER"]
[SourceTitle "EXT 1999"]
[Source "ChessBase"]
[SourceDate "1998.11.16"]
[SourceVersion "1"]
[SourceVersionDate "1998.11.16"]
[SourceQuality "1"]
[WhiteTeam "Augsburg SG 1873"]
[BlackTeam "Muenchen FC Bayern II"]
[WhiteTeamCountry "GER"]
[BlackTeamCountry "GER"]

1. Nf3 g6 2. c4 Bg7 3. Nc3 Nf6 4. e4 d6 5. d4 0-0 6. h3 e5 7. d5 Ne8 8. g4 f5 9. gxf5 gxf5 10. Bg5 Nf6 11. Rg1 Kh8 12. Qe2 Qe8 13. Nd2 Na6 14. 0-0-0 Nc5 15. f3 a6 16. Qg2 Nh5 17. exf5 Bxf5 18. Nde4 Nxe4 19. fxe4 Bg6 20. Be2 Nf4 21. Bxf4 exf4 22. Bh5 Rf6 23. Qg5 Qf7 24. Bf3 Re8 25. Qh4 Qe7 26. Rg4 Rff8 27. Qe1 Bxc3 28. Qxc3+ Qe5 29. Qxe5+ Rxe5 30. Rg2 Bxe4 31. Bxe4 Rxe4 32. b3 f3 33. Rf2 Kg7 34. Rdf1 Ref4 35. Kd2 b5 36. cxb5 axb5 37. Ke3 R4f5 38. Rxf3 Rxf3+ 39. Rxf3 Re8+ 40. Kd4 Re2 41. Rc3 Rxa2 42. Rxc7+ Kf6 43. Rxh7 Rd2+ 44. Ke4 Rb2 45. Rh6+ Ke7 46. b4 Kf7 47. Rxd6 Rxb4+ 48. Ke5 Rh4 49. Rf6+ Ke7 50. d6+ Kd7 51. Rf7+ Ke8 52. d7+ Kd8 53. Kd6 Rh6+ 54. Kc5 Rxh3 1/2-1/2

[Event "Regionalliga SW 9596"]
[Site "Bayern"]
[Date "1996.??.??"]
[Round "?"]
[White "Wiest, Leonhard"]
[Black "Baeurle, Stefan"]
[Result "1/2-1/2"]
[WhiteElo "1980"]
[BlackElo "1995"]
[PlyCount "94"]
[EventDate "1995.10.??"]
[EventType "team-tourn"]
[EventRounds "9"]
[EventCountry "GER"]
[SourceTitle "EXT 1999"]
[Source "ChessBase"]
[SourceDate "1998.11.16"]
[SourceVersion "1"]
[SourceVersionDate "1998.11.16"]
[SourceQuality "1"]
[WhiteTeam "Lauingen"]
[BlackTeam "Augsburg SG 1873"]
[WhiteTeamCountry "GER"]
[BlackTeamCountry "GER"]

1. f4 d6 2. Nf3 g6 3. g3 Bg7 4. Bg2 e5 5. fxe5 dxe5 6. Nc3 Ne7 7. d3 0-0 8. e4 Nbc6 9. Be3 Bg4 10. Qd2 Nd4 11. 0-0 f5 12. Ng5 h6 13. Nh3 Bxh3 14. Bxh3 fxe4 15. Nxe4 Nf3+ 16. Rxf3 Rxf3 17. Bxh6 Qd4+ 18. Kh1 Nf5 19. Bxg7 Kxg7 20. Qg5 Rf8 21. Bg4 Re3 22. Bh5 Rxe4 23. Qxg6+ Kh8 24. dxe4 Qxe4+ 25. Kg1 Qd4+ 26. Kg2 Ne3+ 27. Kh3 Qd7+ 28. Bg4 Nxg4 29. Qxg4 Qxg4+ 30. Kxg4 Rf2 31. Re1 Rxh2 32. Rxe5 Rxc2 33. Re7 Rxb2 34. Rxc7 Rxa2 35. Rxb7 Ra4+ 36. Kg5 Ra5+ 37. Kh4 Ra4+ 38. g4 a5 39. Kh5 Rb4 40. Ra7 a4 41. g5 Rb6 42. Rxa4 Kg7 43. Ra7+ Kg8 44. Ra8+ Kg7 45. Ra5 Rc6 46. g6 Rc1 47. Ra7+ Kg8 1/2-1/2

[Event "Regionalliga SW 9596"]
[Site "Bayern"]
[Date "1995.??.??"]
[Round "?"]
[White "Baeurle, Stefan"]
[Black "Froehlich, Rainer"]
[Result "0-1"]
[WhiteElo "1995"]
[BlackElo "2015"]
[PlyCount "56"]
[EventDate "1995.10.??"]
[EventType "team-tourn"]
[EventRounds "9"]
[EventCountry "GER"]
[SourceTitle "EXT 1999"]
[Source "ChessBase"]
[SourceDate "1998.11.16"]
[SourceVersion "1"]
[SourceVersionDate "1998.11.16"]
[SourceQuality "1"]
[WhiteTeam "Augsburg SG 1873"]
[BlackTeam "Sonthofen"]
[WhiteTeamCountry "GER"]
[BlackTeamCountry "GER"]

1. Nf3 Nf6 2. c4 e6 3. g3 d5 4. b3 Be7 5. Bb2 0-0 6. Bg2 b6 7. 0-0 Bb7 8. d3 c5 9. e3 Nc6 10. Qe2 Qc7 11. Nc3 Rad8 12. Rfd1 Qb8 13. cxd5 exd5 14. d4 cxd4 15. Nxd4 Nxd4 16. Rxd4 Bc5 17. Rh4 d4 18. Na4 Bxg2 19. Nxc5 Ba8 20. Na4 Qb7 21. f3 d3 22. Qf1 Qxf3 23. Qxf3 Bxf3 24. Bxf6 gxf6 25. Nc3 Rc8 26. Nd1 d2 27. Rc4 b5 28. Rc3 Bxd1 0-1